“烧腊”地点数量≥250的地级行政区 Prefectures with ≥250 "Shaola" sites - Statistics

General Stats
  • This quiz has been taken 7 times
  • The average score is 27 of 29
Answer Stats
地级行政区 数量 % Correct
广州 2964
100%
深圳 2340
100%
东莞 2025
100%
佛山 1831
100%
惠州 1248
100%
中山 743
100%
肇庆 709
100%
上海 679
100%
江门 654
100%
清远 637
100%
梅州 592
100%
重庆 575
100%
茂名 528
100%
湛江 490
100%
南宁 484
100%
长沙 454
100%
韶关 426
100%
珠海 423
100%
河源 355
100%
云浮 291
100%
汕头 274
100%
成都 263
100%
海口 251
100%
杭州 291
86%
汕尾 263
86%
武汉 401
71%
钦州 273
71%
宜宾 307
43%
泉州 291
43%
No matching quizzes found
Score Distribution
Percent of People with Each Score
Percentile by Number Answered
Your Score History
You have not taken this quiz